Подробности
| 000 -МАРКЕР |
| контрольное поле |
01492nam2a22003491 4500 |
| 001 - ИДЕНТИФИКАТОР ЗАПИСИ |
| контрольное поле |
v19\rc\1883463 |
| 005 - ИДЕНТИФИКАТОР ВЕРСИИ |
| контрольное поле |
20251118180332.5 |
| 035 ## - ДРУГИЕ СИСТЕМНЫЕ НОМЕРА |
| Идентификатор записи |
(NLR Aleph) 004972379 |
| 100 ## - ДАННЫЕ ОБЩЕЙ ОБРАБОТКИ |
| Данные общей обработки |
20080221d1911 u y0rusy50 ca |
| 101 1# - ЯЗЫК РЕСУРСА |
| Язык текста, звукозаписи и т.д. |
русский |
| Язык оригинала |
польский |
| 102 ## - СТРАНА ПУБЛИКАЦИИ ИЛИ ПРОИЗВОДСТВА |
| Страна публикации |
Российская Федерация |
| 105 ## - ПОЛЕ КОДИРОВАННЫХ ДАННЫХ: ТЕКСТОВЫЕ МАТЕРИАЛЫ, МОНОГРАФИЧЕСКИЕ |
| Кодированные данные о монографическом текстовом документе |
c z |||a| |
| 200 1# - ЗАГЛАВИЕ И СВЕДЕНИЯ ОБ ОТВЕТСТВЕННОСТИ |
| Основное заглавие |
[Мужики |
| Сведения, относящиеся к заглавию |
Роман |
| Первые сведения об ответственности |
Единственный разреш. и одобр. авт. пер. с пол. Марии Троповской] |
| Обозначение и номер части |
Ч. 3 |
| Наименование части |
Весна |
| 210 ## - ПУБЛИКАЦИЯ, РАСПРОСТРАНЕНИЕ И ДР. |
| Дата издания, распространения и т.д. |
1911 |
| 215 ## - ФИЗИЧЕСКАЯ ХАРАКТЕРИСТИКА |
| Специфическое обозначение материала и объем |
377 с., 1 л. фронт. (портр.) |
| 461 #0 - УРОВЕНЬ НАБОРА |
| Встроенное поле |
001v19\rc\1883461 |
| -- |
2001#$a... Полное собрание сочинений$fВладислав Ст. Реймонт$vТ. 2 |
| -- |
700#1$aРеймонт$bВ. С.$f1867-1925$gВладислав Станислав$3RU\NLR\AUTH\770209566 |
| Системный номер (АБИС) связанной записи |
6098317 |
| Автор |
Реймонт, В. С. (1867-1925) |
| Место публикации |
Москва |
| Дата публикации |
1910-1912 |
| Первые сведения об ответственности |
Владислав Ст. Реймонт |
| Имя издателя, распространителя и т.д. |
Соврем. пробл. |
| Сведения, относящиеся к заглавию |
Т. 1-7 |
| Физическая характеристика |
7 т. |
| Заглавие |
Полное собрание сочинений |
| Номер тома |
Т. 2 |
| 540 1# - ДОПОЛНИТЕЛЬНОЕ ЗАГЛАВИЕ, ПРИМЕНЯЕМОЕ КАТАЛОГИЗАТОРОМ |
| Заглавие |
Мужики |
| 702 #1 - ИМЯ ЛИЦА - ВТОРИЧНАЯ ОТВЕТСТВЕННОСТЬ |
| Начальный элемент ввода |
Троповская |
| Часть имени, кроме начального элемента ввода |
М. Н. |
| Расширение инициалов личного имени |
Мария Наумовна |
| Код отношения |
Переводчик |
| 801 #0 - ИСТОЧНИК ЗАПИСИ |
| Страна |
Российская Федерация |
| Организация |
NLR |
| Правила каталогизации |
psbo |
| 801 #0 - ИСТОЧНИК ЗАПИСИ |
| Страна |
Российская Федерация |
| Организация |
RuMoRGB |
| Источник данных |
psbo |
| 801 #1 - ИСТОЧНИК ЗАПИСИ |
| Страна |
Российская Федерация |
| Организация |
ProSoft-M |
| Источник данных |
rusmarc |
| 852 ## - МЕСТОНАХОЖДЕНИЕ И ШИФР ХРАНЕНИЯ |
| Идентификатор организации |
NLR |
| Шифр хранения (Call Number) |
38.77.5.57(2) |
| 852 ## - МЕСТОНАХОЖДЕНИЕ И ШИФР ХРАНЕНИЯ |
| Идентификатор организации |
NLR |
| Шифр хранения (Call Number) |
Л60 Б-3/84(2) |
| 899 ## - ДАННЫЕ О МЕСТОНАХОЖДЕНИИ (устаревшее) |
| Местонахождение |
RuMoRGB |
| Шифр хранения |
U 67/217 |
| 899 ## - ДАННЫЕ О МЕСТОНАХОЖДЕНИИ (устаревшее) |
| Местонахождение |
RuMoRGB |
| Шифр хранения |
Рб 10/2551 |
| 899 ## - ДАННЫЕ О МЕСТОНАХОЖДЕНИИ (устаревшее) |
| Местонахождение |
БАН |
| 899 ## - ДАННЫЕ О МЕСТОНАХОЖДЕНИИ (устаревшее) |
| Местонахождение |
ГПИБ |
| 899 ## - ДАННЫЕ О МЕСТОНАХОЖДЕНИИ (устаревшее) |
| Местонахождение |
НБ МГУ |
| 942 ## - ДОПОЛНИТЕЛЬНЫЕ ЭЛЕМЕНТЫ ЗАПИСИ (АБИС) |
| Тип экземпляра АБИС |
Книга |
| 980 ## - КОЛЛЕКЦИЯ |
| Название коллекции |
Национальная библиография |